| 000 | 01560cab a2200301 4500 | ||
|---|---|---|---|
| 001 | ABS55382 | ||
| 008 | 090401t1996 xxu||||| |||| 00| 0 eng d | ||
| 035 | _a(Sirsi) u16081 | ||
| 041 | _aeng | ||
| 245 | _aWilliams v Portman Family Settled Estates Trustees | ||
| 260 | _c1996 | ||
| 350 | _a0 | ||
| 490 |
_aEstates Gazette _v[1996] 25 EG 173-179(7) |
||
| 520 | _aLVT 27 February 1996. W sought determination of the price for acquiring the freehold interest in 15 Upper Berkeley Street under the Leasehold Reform Act 1967 s9(1C). W contended for a price of £15,175 and the landlords (P) for £108,000. "Decision" price payable by W on enfranchisement should be £36,000. In valuing P`s interest in the term and the reversion, a 7% rate was appropriate. Present freehold value was £450,000, from which £135,000 should be deducted for tenants improvements. W`s present interest was worth £375,000 from which £122,500 should be deducted for tenants improvements. 50% of the total marriage value was also payable as part of the enfranchisement price. | ||
| 650 | _a15 UPPER BERKELEY STREET | ||
| 650 | _aFREEHOLD INTEREST | ||
| 650 | _aFREEHOLD PURCHASE | ||
| 650 | _aFREEHOLD VALUE | ||
| 650 | _aLEASEHOLD ENFRANCHISEMENT | ||
| 650 | _aLEASEHOLD REFORM ACT 1967 S9(1C) | ||
| 650 | _aLEASEHOLD REFORM ACT 1967 | ||
| 650 | _aMARRIAGE VALUE | ||
| 650 | _aTENANTS IMPROVEMENTS | ||
| 650 | _aWILLIAMS V PORTMAN FAMILY SETTLED ESTATES TRUSTS | ||
| 690 | _aLANDLORD AND TENANT-CASE LAW-LEASEHOLD REFORM | ||
| 942 | _n0 | ||
| 948 | _c04/03/1997 | ||
| 999 |
_c10575 _d10575 |
||